<?xml version="1.0" encoding="UTF-8"?>
<record
    xmlns:xsi="http://www.w3.org/2001/XMLSchema-instance"
    xsi:schemaLocation="http://www.loc.gov/MARC21/slim http://www.loc.gov/standards/marcxml/schema/MARC21slim.xsd"
    xmlns="http://www.loc.gov/MARC21/slim">

  <leader>03196cam a22003013u 4500</leader>
  <controlfield tag="001">007834050</controlfield>
  <controlfield tag="005">20161116105833.0</controlfield>
  <controlfield tag="008">040209s2014    mou    ||b    001 ||eng |</controlfield>
  <datafield tag="020" ind1=" " ind2=" ">
    <subfield code="a">0323022960 (alk. paper)</subfield>
  </datafield>
  <datafield tag="082" ind1="0" ind2="4">
    <subfield code="a">617.692</subfield>
    <subfield code="2">22</subfield>
    <subfield code="b">PRO</subfield>
  </datafield>
  <datafield tag="245" ind1="0" ind2="0">
    <subfield code="a">Prosthodontic Treatment For Edentulous Patients :</subfield>
    <subfield code="b">Complete Dentures and Implant-Supported Prostheses /</subfield>
    <subfield code="c">editors, George Zarb ... [et al] ; associate editors, Aaron H. Fenton ... [et al.].</subfield>
  </datafield>
  <datafield tag="250" ind1=" " ind2=" ">
    <subfield code="a">12th ed. / senior editors, George A. Zarb, Charles L. Bolender ; associate editors, Steven E. Eckert ... [et al.]</subfield>
  </datafield>
  <datafield tag="260" ind1=" " ind2=" ">
    <subfield code="a">St Louis, Mo. :</subfield>
    <subfield code="b">Mosby,</subfield>
    <subfield code="c">c2013.</subfield>
  </datafield>
  <datafield tag="300" ind1=" " ind2=" ">
    <subfield code="a">xi, 452 p. :</subfield>
    <subfield code="c">ill. (some col.) ;</subfield>
    <subfield code="b">29 cm.</subfield>
  </datafield>
  <datafield tag="504" ind1=" " ind2=" ">
    <subfield code="a">Includes bibliographical references and index.</subfield>
  </datafield>
  <datafield tag="505" ind1=" " ind2=" ">
    <subfield code="a">Pt. 1. The patient. 1. The edentulous state -- 2. Systemic health aspects and nutritional considerations for edentulous patients -- 3. The aging edentulous patient -- 4. Sequelae caused by wearing complete dentures -- Pt. 2. Treatment options. 5. History taking, treatment planning and improving denture-bearing areas for edentulous patients -- 6. Additional treatment planning options for both edentulous and potentially edentulous patients -- Pt. Three. The materials used. 7. Materials used in the management of edentulous patients -- Pt. 4. Clinical protocols for diverse treatment scenarios. -- 8. Maxillary and mandibular analougue/substitutes for the denture-bearing area -- 9. The dentures' polished surfaces, recording jaw relations, and their transfer to an articulator -- 10. The occlusal surfaces: the selection and arrangement of prosthetic teeth -- 11. The try-in appointment -- 12. Prosthesis insertion and follow-up appointments -- 13. Modified protocols for immediate dentures, overdentures, and single dentures -- 14. Prolonging the useful life of complete dentures: relines, repairs and duplications -- 15. Speech considerations with complete dentures -- Pt. 5. Clinical protocols specific to implant-retained and implanted supported prosthodontic management. -- 16. The science of osseointegration -- 17. Implant overdentures -- 18. Fixed full arch implant-supported prostheses for the edentulous patient -- 19. Maxillofacial prosthodontics for the edentulous patient -- 20. Managing problems and complications -- 21. Immediately loaded complete dental prostheses -- 22. Current and possible future directions in implant prosthdontics -- Pt. 6. Additional considerations in the management of edentulous patients. 23. The impact of socioeconomic, cultural and technological changes and the notion of standards of care and alternative protocols.</subfield>
  </datafield>
  <datafield tag="590" ind1=" " ind2=" ">
    <subfield code="a">Rev. ed. of: Boucher's prosthodontic treatment for edentulous patients. 11th ed. / [edited by] George A. Zarb, Charles L. Bolender, Gunnar E. Carlsson. c1997</subfield>
  </datafield>
  <datafield tag="650" ind1=" " ind2="0">
    <subfield code="a">Complete dentures.</subfield>
    <subfield code="9">32431</subfield>
  </datafield>
  <datafield tag="650" ind1=" " ind2="0">
    <subfield code="a">Tooth loss</subfield>
    <subfield code="9">32432</subfield>
  </datafield>
  <datafield tag="650" ind1=" " ind2="0">
    <subfield code="a">Edentulous mouth.</subfield>
    <subfield code="9">32433</subfield>
  </datafield>
  <datafield tag="650" ind1=" " ind2="2">
    <subfield code="a">Mouth, Edentulous.</subfield>
    <subfield code="9">32435</subfield>
  </datafield>
  <datafield tag="653" ind1=" " ind2=" ">
    <subfield code="b">Dent</subfield>
    <subfield code="c">February2013</subfield>
  </datafield>
  <datafield tag="650" ind1=" " ind2="2">
    <subfield code="9">32434</subfield>
    <subfield code="a">Denture, Complete</subfield>
  </datafield>
  <datafield tag="700" ind1="1" ind2=" ">
    <subfield code="a">Zarb, George A</subfield>
    <subfield code="q">(George Albert),</subfield>
    <subfield code="d">1938-</subfield>
    <subfield code="9">32436</subfield>
  </datafield>
  <datafield tag="700" ind1="1" ind2=" ">
    <subfield code="a">Bolender, Charles L.</subfield>
    <subfield code="9">32437</subfield>
  </datafield>
  <datafield tag="700" ind1="1" ind2=" ">
    <subfield code="a">Eckert, Steven E.</subfield>
    <subfield code="9">32438</subfield>
  </datafield>
  <datafield tag="942" ind1=" " ind2=" ">
    <subfield code="2">ddc</subfield>
    <subfield code="c">DN</subfield>
  </datafield>
  <datafield tag="999" ind1=" " ind2=" ">
    <subfield code="c">17244</subfield>
    <subfield code="d">17216</subfield>
  </datafield>
  <datafield tag="952" ind1=" " ind2=" ">
    <subfield code="0">0</subfield>
    <subfield code="1">0</subfield>
    <subfield code="2">ddc</subfield>
    <subfield code="4">0</subfield>
    <subfield code="7">0</subfield>
    <subfield code="8">Alahram</subfield>
    <subfield code="a">MAIN</subfield>
    <subfield code="b">MAIN</subfield>
    <subfield code="c">1ST</subfield>
    <subfield code="d">2013-02-06</subfield>
    <subfield code="e">purchase</subfield>
    <subfield code="g">881.00</subfield>
    <subfield code="h">14152</subfield>
    <subfield code="l">1</subfield>
    <subfield code="m">5</subfield>
    <subfield code="o">617.692 PRO</subfield>
    <subfield code="p">000027997</subfield>
    <subfield code="r">2025-07-15 00:00:00</subfield>
    <subfield code="s">2017-10-31</subfield>
    <subfield code="y">BB</subfield>
  </datafield>
</record>
